Cricket: Fastest to 4000 Test Runs - Statistics

General Stats
  • This quiz has been taken 25 times
  • The average score is 19 of 26
Answer Stats
Country Year Innings Answer % Correct
AUS 1937 48 Sir Donald Bradman
100%
AUS 2016 80 Steve Smith
100%
IND 1997 86 Sachin Tendulkar
96%
WI 1997 76 Brian Lara
91%
ENG 2016 84 Joe Root
91%
IND 1978 81 Sunil Gavaskar
91%
AUS 2015 84 David Warner
87%
PAK 1983 84 Javed Miandad
87%
IND 2001 84 Rahul Dravid
87%
WI 1982 71 Sir Viv Richards
87%
IND 2006 79 Virender Sehwag
87%
ENG 2008 83 Kevin Pietersen
83%
AUS 2003 77 Matthew Hayden
83%
WI 1963 77 Sir Garfield Sobers
83%
PAK 2006 87 Younis Khan
74%
IND 2017 84 Cheteshwar Pujara
70%
ENG 1926 75 Sir Jack Hobbs
70%
ENG 1935 76 Wally Hammond
70%
AUS 1977 87 Greg Chappell
61%
IND 1994 88 Mohammad Azharuddin
61%
ENG 1950 77 Sir Len Hutton
61%
ENG 1933 68 Herbert Sutcliffe
57%
WI 1957 71 Sir Everton Weekes
48%
ENG 1964 82 Ken Barrington
43%
AUS 1956 80 Neil Harvey
35%
WI 1966 86 Rohan Kanhai
30%
No matching quizzes found
Score Distribution
Percent of People with Each Score
Percentile by Number Answered
Your Score History
You have not taken this quiz